• 首页
  • 本馆介绍
  • 公告通知
  • 最新文献
  • 馆藏检索
  • 电子资源
  • 读者导购
  • 参考咨询
  • 我的图书馆
  • 登录
  • 详细信息显示
  • 放入我的书架
  • 预约/预借图书
  • 作者相关作品
  • 分类相关作品
  • 丛书相关作品
  • 出版社相关作品

书目信息

  • 表格格式
  • 工作单格式
  • 卡片格式
题名:
水环境科学
    
 
作者: 陈震 编著
分册:  
出版信息: 北京   科学出版社  2006
页数: 10,279页
开本: 24cm
丛书名:
单 册:
中图分类: X143
科图分类:
主题词: 水环境--研究
电子资源:
ISBN: 7-03-016327-3
000 00958nam0 2200253 450
001 012004035042
005 20070805145934.89
009 012004035042
010    @a7-03-016327-3@dCNY36.00
035    @a(110019)012006024087
100    @a20060425d2006 em y0chiy0110 ea
101 0  @achi
102    @aCN@b110000
105    @ay z 000yy
106    @ar
200 1  @a水环境科学@Ashui huan jing ke xue@f陈震等编著@Fchen zhen deng bian zhu
210    @a北京@c科学出版社@d2006
215    @a10,279页@d24cm
330    @a本书介绍了水文气象学、水文地理学、水文地质学、水环境化学、水环境生态学等与水环境相关的自然科学知识,以及气候变化、地质异动、人为活动等对天然水组成的影响与对水环境生态功能的破坏;并介绍了社会科学在水环境科学中的地位及其作用、水资源的现状、水污染所造成的危害,以及水污染治理与水环境修复的技术措施。
606 0  @a水环境@x研究
690    @aX143@v4
701  0 @a陈震@Achen zhen@4编著
801  0 @aCN@b110019@c20070805
905    @dX143@e151@f4
    
    水环境科学/陈震等编著.-北京:科学出版社,2006
    10,279页;24cm
    
    
    ISBN 7-03-016327-3:CNY36.00
    本书介绍了水文气象学、水文地理学、水文地质学、水环境化学、水环境生态学等与水环境相关的自然科学知识,以及气候变化、地质异动、人为活动等对天然水组成的影响与对水环境生态功能的破坏;并介绍了社会科学在水环境科学中的地位及其作用、水资源的现状、水污染所造成的危害,以及水污染治理与水环境修复的技术措施。
●
相关链接 在E读中查询图书 在五车中查询图书 在当当中查询图书 在豆瓣中查询图书


正题名:水环境科学     索取号:X143/151         预约/预借

序号 登录号 条形码 馆藏地/架位号 状态 备注
1 0851759   208517595   第二样本阅览室/ [索取号:X143/151] 在馆    
2 0851760   208517602   第三借阅区/ [索取号:X143/151] 在馆    
3 0851761   208517611   第三借阅区/ [索取号:X143/151] 在馆    
4 0851762   208517620   第三借阅区/ [索取号:X143/151] 在馆    
唐山师范学院图书馆 欢迎您!
大连网信软件有限公司© 版权所有